|
|
|
|
| LEADER |
00000nab a2200000u 4500 |
| 001 |
vtls012052382 |
| 003 |
SK-MaSNL |
| 005 |
20260303095921.0 |
| 008 |
210504|20210503xo ||||||| || ||slo| |
| 038 |
|
|
|a KEVKJB
|
| 040 |
|
|
|a KEVKJB
|b slo
|e rda
|
| 041 |
0 |
|
|a slo
|
| 043 |
|
|
|a e-xo---
|
| 044 |
|
|
|a xo
|c SK
|
| 072 |
|
7 |
|a 616.9
|x Prenosné choroby. Infekčné a kontaktné choroby, horúčky
|2 konspekt
|
| 080 |
|
|
|a 616.9:578.834
|2 2011
|
| 100 |
1 |
|
|a Vrábeľ, Jaroslav
|4 aut
|9 275721
|
| 245 |
1 |
0 |
|a Tínedžerov zrušili, Pfizer dostali i náhradníci
|b touto vakcínou očkovali v župnom centre prvýkrát
|c Jaroslav Vrábeľ, Klaudia Jurkovičová
|
| 300 |
|
|
|b Fotografie
|
| 336 |
|
|
|a text
|b txt
|2 rdacontent
|
| 337 |
|
|
|a bez média
|b n
|2 rdamedia
|
| 338 |
|
|
|a zväzok
|b nc
|2 rdacarrier
|
| 650 |
0 |
7 |
|a COVID-19
|2 SNKPH
|9 201532
|
| 650 |
0 |
7 |
|a očkovanie
|2 SNKPH
|9 2553
|
| 651 |
|
7 |
|a Košice (Slovensko)
|2 SNKPHgeo
|9 18694
|
| 700 |
1 |
|
|a Jurkovičová, Klaudia
|4 ive
|9 877349
|
| 773 |
0 |
|
|t Korzár
|g Roč. XXIV., č. 100 (3.5.2021), s. 2
|x 2585-7355
|
| 852 |
|
|
|a KEVKJB
|b KIS3GCP
|
| 856 |
4 |
1 |
|u https://kosice.korzar.sme.sk/c/22650478/tinedzerom-v-noci-zrusili-terminy-na-ockovanie-k-pfizeru-sa-v-kosiciach-dostali-aj-nahradnici.html
|
| 999 |
|
|
|c 1827273
|d 1829203
|